|
|
|
|
| LEADER |
00000cam a2200000 a 4500 |
| 001 |
vtls008313672 |
| 003 |
SK-MaSNL |
| 005 |
20260301091828.0 |
| 008 |
251124s1973 xo 00 0 slo |
| 015 |
|
|
|a SNBA1973/08-01833
|
| 035 |
|
|
|a SK01SNK19730005889
|
| 035 |
|
|
|a SKM000008352
|
| 040 |
|
|
|a SNK
|b slo
|c SNK
|e AACR2
|
| 041 |
1 |
|
|a slo
|
| 044 |
|
|
|a xo
|c SK
|
| 080 |
|
|
|a 633:371.214
|2 1981
|
| 080 |
|
|
|a 636:371.214
|2 1981
|
| 245 |
1 |
0 |
|a Stredná poľnohospodárska technická škola, odbor pestovateľstvo-chovateľstvo
|b pedagogické dokumenty, štud. odbor 42-13-6 (predtým 11-2-03)
|
| 260 |
|
|
|a Bratislava
|b Príroda
|c 1973
|e Nitra
|f Nitrianske tlačiarne
|
| 300 |
|
|
|a 149, [1] a.
|c 4°
|
| 500 |
|
|
|a Pozn. Tb.
|
| 500 |
|
|
|a Vyd. Min. školstva SSR, Bratislava
|
| 563 |
|
|
|a 550 výtl. Účelová publikácia
|
| 650 |
0 |
7 |
|a pestovateľstvo
|2 SNKPH
|9 30630
|
| 650 |
0 |
7 |
|a chovateľstvo
|2 SNK
|9 19447
|
| 650 |
0 |
7 |
|a učebné osnovy
|2 SNKPH
|9 4071
|
| 650 |
0 |
7 |
|a stredné odborné školy
|2 SNKPH
|9 67892
|
| 655 |
|
7 |
|a príručky
|2 SNKPH
|9 74364
|
| 852 |
|
|
|a Štátna vedecká knižnica v Banskej Bystrici
|
| 958 |
|
|
|a OND
|
| 958 |
|
|
|a RM
|
| 958 |
|
|
|a RK
|
| 999 |
|
|
|c 672239
|d 674169
|
| 952 |
|
|
|a SNK
|b SNK
|y VYP
|7 0
|p 17A0844256
|o snkSB 19805 D1
|i snkKSP 5884/73
|0 0
|1 0
|4 0
|d 2015-02-11
|l 0
|r 2026-02-23 19:30:38
|w 2026-02-23
|
| 952 |
|
|
|a SNK
|b SNK
|y PREZ
|7 0
|p 17A07A0899258
|o snkSB 19805
|i snkKSP 5883/73
|0 0
|1 0
|4 0
|d 2016-02-26
|l 0
|r 2026-02-23 19:30:39
|w 2026-02-23
|